[Event "Expo Milan Chess Move International"]
[Site "Milano ITA"]
[Date "2015.06.27"]
[Round "8"]
[White "Zoldan, Matteo"]
[Black "Ricciardi, Arcangelo"]
[WhiteElo "2155"]
[BlackElo "1786"]
[Result "1-0"]
[PlyCount "160"]
[EventDate "2015.06.20"]

1. c4 e5 2. g3 Nf6 3. Bg2 c6 4. d4 exd4 5. Qxd4 d5 6. Nf3 c5 7. Qe5+ Be7 8.
cxd5 Qxd5 9. Nc3 Qd8 10. O-O Nc6 11. Qf4 O-O 12. Rd1 Qa5 13. e4 Be6 14. Nd5
Rad8 15. Bd2 Qa4 16. Nxe7+ Nxe7 17. Re1 Ng6 18. Qe3 b6 19. Bc3 Ng4 20. Qc1 f6
21. b3 Qc6 22. Qb2 Qc7 23. Bh3 Rd3 24. Nd2 Rfd8 25. Bf1 N4e5 26. Bxd3 Nxd3 27.
Qc2 Nxe1 28. Rxe1 Ne5 29. f4 Nc6 30. Nf3 b5 31. f5 Bf7 32. Kg2 a5 33. g4 b4 34.
Bb2 Qd6 35. Rc1 Qf4 36. h3 h5 37. Qxc5 hxg4 38. hxg4 Qxg4+ 39. Kf2 Bh5 40. Qe3
Be8 41. Rg1 Qh5 42. Bxf6 Rd7 43. Rg5 Qh1 44. Rg1 Qh5 45. Qc1 Kf8 46. Qc5+ Kg8
47. Qc4+ Kf8 48. Qc5+ Kg8 49. Qc1 Rf7 50. Ba1 Rd7 51. Rg5 Qh7 52. Qc4+ Kf8 53.
Qc5+ Kg8 54. Bb2 Qh1 55. Rg1 Qh6 56. Rg2 Qf4 57. Qe3 Qd6 58. e5 Qd5 59. e6 Rc7
60. Qh6 Qc5+ 61. Kf1 Qf8 62. f6 Nd8 63. f7+ Rxf7 64. exf7+ Kxf7 65. Rxg7+ Qxg7
66. Qxg7+ Ke6 67. Ng5+ Kd6 68. Be5+ Kd5 69. Qg8+ Kxe5 70. Qxe8+ Kf5 71. Qxd8
Kf4 72. Qxa5 Kg4 73. Qxb4+ Kxg5 74. a4 Kf6 75. a5 Ke6 76. a6 Kd7 77. a7 Ke6 78.
Qc5 Kf6 79. a8=R Ke6 80. Ra6+ Kf7 1-0

[Event "Expo Milan Chess Move International"]
[Site "Milano ITA"]
[Date "2015.06.28"]
[Round "9"]
[White "Burani, Eugenio"]
[Black "D'Avino, Gianfranco"]
[WhiteElo "1828"]
[BlackElo "2102"]
[Result "1/2-1/2"]
[PlyCount "74"]
[EventDate "2015.06.20"]

1. e4 e6 2. d4 d5 3. e5 c5 4. c3 Nc6 5. Nf3 Bd7 6. a3 f6 7. Bd3 fxe5 8. dxe5 c4
9. Bc2 Qc7 10. Bf4 g6 11. O-O Bg7 12. Re1 Nge7 13. Qd2 O-O 14. b4 cxb3 15. Bxb3
Na5 16. Ba2 Nc4 17. Bxc4 Qxc4 18. Bg3 Nf5 19. Nd4 Bh6 20. f4 Nxd4 21. cxd4 Rac8
22. Ra2 Bb5 23. Rb2 a5 24. Kh1 g5 25. Qxa5 Ba6 26. Bf2 Rxf4 27. Nd2 Qc3 28.
Qxc3 Rxc3 29. Be3 Rf7 30. h4 Rxa3 31. hxg5 Bf8 32. Nf3 b5 33. g6 hxg6 34. Ng5
Re7 35. Rf2 Bh6 36. Rf6 Bg7 37. Rxg6 b4 1/2-1/2

[Event "Expo Milan Chess Move International"]
[Site "Milano ITA"]
[Date "2015.06.28"]
[Round "9"]
[White "Dadello, Aleksandra"]
[Black "Villalba, Fernando"]
[WhiteElo "2068"]
[BlackElo "1811"]
[Result "1-0"]
[PlyCount "66"]
[EventDate "2015.06.20"]

1. e4 c5 2. Nf3 Nc6 3. d4 cxd4 4. Nxd4 g6 5. Nc3 Bg7 6. Be3 Nf6 7. Bc4 O-O 8.
Bb3 a5 9. a4 d5 10. exd5 Nb4 11. Ndb5 Bf5 12. O-O Ng4 13. Bf4 Nf6 14. Re1 Na6
15. Qe2 Re8 16. Rad1 Bd7 17. Be5 Bg4 18. f3 Bd7 19. Qf2 Bxb5 20. Nxb5 Nd7 21.
Bxg7 Kxg7 22. Qd4+ Kg8 23. d6 e5 24. Qd5 Rf8 25. Qxb7 Nac5 26. Qd5 Nxb3 27.
Qxb3 Qb6+ 28. Qe3 Qc6 29. c3 Kg7 30. f4 exf4 31. Qxf4 Rfe8 32. Re7 Rf8 33. Nc7
Qxc7 1-0

[Event "Expo Milan Chess Move International"]
[Site "Milano ITA"]
[Date "2015.06.28"]
[Round "9"]
[White "Nicolo', Filippo"]
[Black "Costisanu, Romica"]
[WhiteElo "2023"]
[BlackElo "1427"]
[Result "1-0"]
[PlyCount "83"]
[EventDate "2015.06.20"]

1. e4 e5 2. Bc4 Nc6 3. Nf3 d6 4. c3 h6 5. d4 Bg4 6. Be3 Nf6 7. h3 Bh5 8. Nbd2
Na5 9. Bd3 b6 10. b4 Nb7 11. Qa4+ Nd7 12. dxe5 Be7 13. Bb5 a6 14. Bc6 b5 15.
Qb3 Qc8 16. e6 fxe6 17. Qxe6 Nd8 18. Bxd7+ Qxd7 19. Qd5 Bxf3 20. Nxf3 c6 21.
Qh5+ Nf7 22. O-O Qe6 23. Nd4 Qxe4 24. Rfe1 g6 25. Qe2 Ne5 26. Rad1 O-O-O 27. a4
Nc4 28. axb5 cxb5 29. Qa2 Kb7 30. Bg5 Qxe1+ 31. Rxe1 Bxg5 32. Re6 Rhe8 33. Qe2
Ne3 34. Qf3+ d5 35. Qf7+ Be7 36. Rxe7+ Rxe7 37. Qxe7+ Kc8 38. Ne6 Rd7 39. Qe8+
Kb7 40. Qxd7+ Kb8 41. Nc5 Nc4 42. Qb7# 1-0

[Event "Expo Milan Chess Move International"]
[Site "Milano ITA"]
[Date "2015.06.28"]
[Round "9"]
[White "Ravagnani, Tiziano"]
[Black "Salvador, Roland"]
[WhiteElo "1933"]
[BlackElo "2440"]
[Result "0-1"]
[PlyCount "70"]
[EventDate "2015.06.20"]

1. e4 c6 2. d4 g6 3. Nf3 Bg7 4. Bc4 d5 5. Bb3 a5 6. a4 Bg4 7. Qd3 dxe4 8. Qxe4
Nf6 9. Qd3 Bxf3 10. gxf3 Na6 11. c3 Nc5 12. Qc2 Nxb3 13. Qxb3 Qc7 14. Nd2 e5
15. O-O Nd7 16. f4 exd4 17. Re1+ Kf8 18. Nf3 Bf6 19. cxd4 Kg7 20. Ne5 Nb6 21.
Nxf7 Qxf7 22. Qxb6 Rhd8 23. Be3 Rd5 24. Kf1 Rh5 25. d5 Rxd5 26. Rad1 Rad8 27.
Ke2 R8d7 28. Rxd5 Qxd5 29. Kf1 Qh1+ 30. Ke2 Qxh2 31. Qxa5 Qg2 32. Qb4 Qg4+ 33.
Kf1 h5 34. Bd2 c5 35. Qxc5 Rxd2 0-1

[Event "Expo Milan Chess Move International"]
[Site "Milano ITA"]
[Date "2015.06.28"]
[Round "9"]
[White "Siraco, Maurizio"]
[Black "Carbone, Lorenzo"]
[WhiteElo "2138"]
[BlackElo "1596"]
[Result "1-0"]
[PlyCount "61"]
[EventDate "2015.06.20"]

1. e4 c5 2. Nf3 d6 3. c3 Nc6 4. d4 cxd4 5. cxd4 e6 6. Nc3 Nf6 7. Bd3 Be7 8. O-O
O-O 9. h3 a6 10. Qe2 e5 11. Be3 Bd7 12. Rad1 Qc7 13. Nd5 Nxd5 14. exd5 Nb4 15.
Rc1 Qb8 16. Bc4 Rc8 17. a3 Rxc4 18. Qxc4 e4 19. Ne1 Nd3 20. Nxd3 exd3 21. a4 b5
22. Qxd3 bxa4 23. Qa3 Bb5 24. Rfe1 Qb7 25. Bf4 Rd8 26. Qe3 Bf8 27. Qf3 Qa7 28.
Rc3 g6 29. Rec1 Qb6 30. Bg5 Rd7 31. Qf6 1-0